Stadt des WM-Finales - Sudden Death - Statistiken

Allgemein
  • Dieses Quiz wurde 317 mal gespielt
  • Das Durchschnittsergebnis liegt bei 7 aus 18
Answers on the Grid
Answers color-coded by a green-red scale on the quiz's grid according to % correct below.
Montevideo
Rom
Paris
Rio de Janeiro
Bern
Solna
Santiago de Chile
Londra
Mexiko-Stadt
München
Buenos Aires
Madrid
Pasadena
Yokohama
Berlin
Johannesburg
Moskau
Lusail
New York
Brasília
Bogotà
Barcelona
Marseille
Mailand
Manchester
Dortmund
Kopenhagen
Kiew
Warschau
Wien
Belgrad
Athen
Peking
Il Kairo
Pretoria
Sydney
 
Antwortstatistiken
Antwort % Korrekt
Rio de Janeiro
69%
Berlin
66%
Paris
62%
Rom
61%
Moskau
52%
Bern
51%
Mexiko-Stadt
51%
Madrid
48%
München
44%
Buenos Aires
42%
Johannesburg
42%
Montevideo
41%
Santiago de Chile
30%
Yokohama
28%
Pasadena
13%
Londra
10%
Lusail
10%
Solna
10%
Keine übereinstimmenden Quizze gefunden
Verteilung der Resultate
Anzahl Personen mit jedem Resultat
Perzentil nach korrekt beantworteten Fragen
Ihre Resultats-Entwicklung
Sie haben dieses Quiz noch nicht gespielt